000 00474nam a2200169 a 4500
001 000040750
005 20201002034343.0
008 130905s20uu cu 000 0 spa d
020 _a8495019086
040 _aDO-SdBNP
_bspa
_cBNPHU
245 0 0 _aCatálogo Unificado Especializado de Sellos de Cuba 2012 /.
250 _a3a. ed.
260 _aBarcelona :
_bEifil,
_c[201?].
300 _av. :
_bil. ;
_c26 cm.
500 _aLa biblioteca el v. 1
505 0 _gv. 1
_t1855-1958
999 _c40240
_d40240